000 00382pam a2200157a 44500
008 230515b2008 xxu||||| |||| 00| 0 eng d
020 _aNULL
041 _aENGLISH
082 _aN
100 _aGRACE MIKE
245 _aDEVELOPING APPLICATION ON THE SMDAR QL PRACTICAL IDEAS FOR HOME & BUSINESS
250 _a0
260 _aNULL
_bN/A
_c2008
300 _a171
650 _aNULL
999 _c650976
_d650976